Word Ladder: Guess the Actor Quiz Stats

 Plays Quiz Updated Jul 15, 2018

Challenge
Share
Tweet
Embed
Score 0/62 Timer 08:00
1 Play Today
Hint 4-Letter Word % Correct
☆ Raiders of the ____ Ark (1981) ☆☆ LOST ☆
95.9%
Internet conversationCHAT
95.6%
12 inchesFOOT
95.4%
☆ Indiana Jones and the Temple of ____ (1984) ☆☆ DOOM ☆
95.3%
☆ Indiana Jones and the ____ Crusade (1989) ☆☆ LAST ☆
95.2%
Robber's bountyLOOT
94.2%
☆☆ THE ACTOR: Harrison ____ ☆☆☆☆ FORD ☆☆
93.9%
Nourishment, sustenanceFOOD
93.8%
'I Got You Babe' singerCHER
93.7%
Not as muchLESS
93.7%
Campus dwelling placeDORM
93.6%
Young womanLASS
93.5%
Ceases to liveDIES
93%
Bench, chair, or pewSEAT
92.9%
☆ [Rung 10] [Rung 49]: Episode V – The Empire Strikes ____☆ BACK ☆
92.7%
Tusked Eurasian wild pig BOAR
92.7%
Self-imposed restriction from some foodsDIET
92.4%
Protective outer layer of a treeBARK
92.4%
Taxi or bus ride feeFARE
92.4%
Rounded stadium roofDOME
92.3%
Female equivalent to a knightDAME
91.9%
Country guitar great AtkinsCHET
91.8%
'Immediately!' in a hospitalSTAT
91.7%
Period of great economic growthBOOM
91.7%
Small water vesselBOAT
91.6%
Respiratory organ of a fishGILL
91.5%
MS document-writing softwareWORD
91%
Feathered friendBIRD
91%
Destructive computer virusWORM
90.8%
☆ Working ____ (1988) ☆ ☆ GIRL ☆
90.8%
Be a pedestrianWALK
90.8%
Hint 4-Letter Word % Correct
Renown, stardomFAME
90.5%
☆ Six ____ Seven Nights (1998) ☆☆ DAYS ☆
90.3%
Flog repeatedlyBEAT
90.2%
☆ Ender’s ____ (2013) ☆☆ GAME ☆
90.1%
☆ ____ [Rung 49]: Episode IV – A New [Rung 42] ☆☆ STAR ☆
89.7%
☆ Holly____ Homicide (2003) ☆☆ WOOD ☆
89.6%
George Michael's pop groupWHAM!
89.5%
Blocks up a streamDAMS
89.5%
DomicileHOME
89.4%
Unrefined, ill-mannered loutBOOR
88.2%
☆ ____ [Rung 31] Beneath (2000) ☆☆ WHAT ☆
87.8%
☆ [Rung 6] ____ Beneath (2000) ☆☆ LIES ☆
87.3%
Stare with one's mouth open wideGAPE
87.1%
Encircle with a beltGIRD
86.5%
Fake, bogusSHAM
86.3%
With 'pei' a wrinkly dogSHAR
86.1%
Senate ___ and Means CommitteeWAYS
85.9%
Lame or lousy, slangilyWACK
85.7%
Mineshaft passagewayBORD
85%
☆ [Rung 10] ____: Episode IV – A New [Rung 42] ☆☆ WARS ☆
83.8%
☆ [Rung 10] [Rung 49]: Episode IV – A New ____☆ HOPE ☆
83.2%
Wine sediment in the barrelLEES
83.1%
Gossip that may be dishedDIRT
80.6%
Extremely serious or urgentDIRE
80.2%
Scottish word for a buildingWARK
79.8%
☆ ____[Rung 55] (2006) ☆☆ FIRE ☆
78.2%
Papuan ritual boardGOPE
76.7%
☆ [Rung 36]____ (2006) ☆☆ WALL ☆
73.3%
Bitterness of spiritGALL
73.3%
NFL's Michael of 'The Blind Side' fameOHER
66.8%
☆ Crossing ____ (2009) ☆☆ OVER ☆
64.8%

Today's Daily Dose

Missing Word
No Snow!

Word Ladder
Wild Cats

On This Day
December 16th II

You're not logged in!

Compare scores with friends on all Sporcle quizzes.
OR
Log In

You Might Also Like...

Show Comments

Extras

Top Quizzes Today


Score Distribution

Your Account Isn't Verified!

In order to create a playlist on Sporcle, you need to verify the email address you used during registration. Go to your Sporcle Settings to finish the process.

Report this User

Report this user for behavior that violates our Community Guidelines.

Details: